000 00318nam a2200133Ia 4500
005 20251222143252.0
008 251222s9999||||xx |||||||||||||| ||spa||
020 _a84-8280-350-6
082 _a868.611/A36R/1984
100 _aAlberti, Rafael
245 0 _aLa Arboleda Perdida
264 _bOveja Negra
942 _cLIB
999 _c15012
_d15012